LEADER 02340nam 2200493 a 450 001 9910700908403321 005 20111219151720.0 035 $a(CKB)5470000002413948 035 $a(OCoLC)768773729 035 $a(EXLCZ)995470000002413948 100 $a20111219d2011 ua 0 101 0 $aeng 135 $aurmn||||||||| 181 $ctxt$2rdacontent 182 $cc$2rdamedia 183 $acr$2rdacarrier 200 10$aAutomated evaluation of water level forecast guidance from NWS and extramural real time ocean forecast systems$b[electronic resource] /$fRichard A. Schmalz, Jr. and Philip H. Richardson 210 1$aSilver Spring, Md. :$cU.S. Dept. of Commerce, National Oceanic and Atmospheric Administration, National Ocean Service, Office of Coast Survey, Coast Survey Development Laboratory,$d[2011] 215 $a1 online resource (x, 69 pages) $cillustrations, maps 225 1 $aNOAA technical memorandum NOS CS ;$v25 300 $aTitle from PDF title screen (viewed Dec. 15, 2011). 300 $a"January 2011." 320 $aIncludes bibliographical references (pages 68-69). 517 3 $aAutomated evaluation of water level forecast guidance from National Weather Service and extramural real time ocean forecast systems 606 $aWater levels$zUnited States$xForecasting 606 $aWater levels$zUnited States$xForecasting$xEvaluation 606 $aWater levels$zUnited States$xForecasting$xMathematical models$xEvaluation 606 $aTide-waters$xForecasting$xEvaluation 606 $aReal-time data processing$zUnited States$xEvaluation 615 0$aWater levels$xForecasting. 615 0$aWater levels$xForecasting$xEvaluation. 615 0$aWater levels$xForecasting$xMathematical models$xEvaluation. 615 0$aTide-waters$xForecasting$xEvaluation. 615 0$aReal-time data processing$xEvaluation. 700 $aSchmalz$b Richard A$01396317 701 $aRichardson$b Philip H$0141709 712 02$aUnited States.$bNational Oceanic and Atmospheric Administration. 712 02$aCoast Survey Development Laboratory (U.S.) 801 0$bGPO 801 1$bGPO 906 $aBOOK 912 $a9910700908403321 996 $aAutomated evaluation of water level forecast guidance from NWS and extramural real time ocean forecast systems$93475384 997 $aUNINA LEADER 02339nas 2200745-- 450 001 9910133203403321 005 20260218111817.0 011 $a1563-7352 035 $a(DE-599)ZDB2514903-9 035 $a(CKB)110978977560525 035 $a(CONSER)---56021374- 035 $a(DE-599)2514903-9 035 $a(EXLCZ)99110978977560525 100 $a20760712b19512010 --- b 101 0 $aspa 181 $ctxt$2rdacontent 182 $cc$2rdamedia 183 $acr$2rdacarrier 200 10$aComercio exterior 210 $aMéxico$cBanco Nacional de Comercio Exterior 215 $a1 online resource 311 08$aPrint version: Comercio exterior. 0185-0601 (DLC) 56021374 (OCoLC)2445206 517 1 $aCE 531 0 $aComer. exter. 606 $a83.42 international trade$3(NL-LeOCL)077607201$2bcl 606 $aCommerce extérieur$2eclas 606 $aConditions économiques$2eclas 606 $aTableaux statistiques$2eclas 606 $aEconomie internationale$2eclas 606 $aMensuels$2eclas 606 $aCommerce$2fast$3(OCoLC)fst00869279 606 $aBuitenlandse handel$2gtt 606 $aTrade, International$zMexico$2ltcsh 606 $aFOREIGN TRADE$2unbist 606 $aCENTRAL BANKS$2unbist 606 $aECONOMIC STATISTICS$2unbist 606 $aTRADE STATISTICS$2unbist 606 $aMEXICO$2unbist 607 $aMexico$xCommerce$vPeriodicals 607 $aAmérique latine$2eclas 607 $aMexique$2eclas 607 $aMexico$2fast$1https://id.oclc.org/worldcat/entity/E39QbtfRkxCrqQ3XXbCkdP63kc 607 $aMexico$xCommerce$vPeriodicals$2nli 608 $aPeriodicals.$2fast 608 $aPeriodicals.$2lcgft 615 7$a83.42 international trade. 615 7$aCommerce extérieur. 615 7$aConditions économiques. 615 7$aTableaux statistiques. 615 7$aEconomie internationale. 615 7$aMensuels. 615 7$aCommerce. 615 17$aBuitenlandse handel. 615 7$aTrade, International 615 7$aFOREIGN TRADE. 615 7$aCENTRAL BANKS. 615 7$aECONOMIC STATISTICS. 615 7$aTRADE STATISTICS. 615 7$aMEXICO. 676 $a382 906 $aJOURNAL 912 $a9910133203403321 920 $aexl_impl conversion 996 $aComercio exterior$91942317 997 $aUNINA